Rajasthani miniatures : (Record no. 155289)

MARC details
000 -LEADER
fixed length control field 00636nam a22001937a 4500
005 - DATE AND TIME OF LATEST TRANSACTION
control field 20180801162830.0
010 ## - LCCN (DPL NO)
LC control number ENG-123665
020 ## - INTERNATIONAL STANDARD BOOK NUMBER
International Standard Book Number 9789386906267
Terms of availability 4000.00
035 ## - SYSTEM CONTROL NUMBER
System control number EN-107197
037 ## - SOURCE OF ACQUISITION
Source of stock number/acquisition DBAD/PUB
082 ## - DEWEY DECIMAL CLASSIFICATION NUMBER
Classification number 759.95442
100 ## - MAIN ENTRY--PERSONAL NAME
Personal name Daljeet
245 ## - TITLE STATEMENT
Title Rajasthani miniatures :
Statement of responsibility, etc by Daljeet
Remainder of title the magic of strokes and colours /
260 ## - PUBLICATION, DISTRIBUTION, ETC. (IMPRINT)
Place of publication, distribution, etc New Delhi
Name of publisher, distributor, etc Niyogi Books
Date of publication, distribution, etc 2018
270 ## - ADDRESS
Address Block D, Building No. 77, Okhla Industrial Area, Phase-I
City New Delhi
Postal code 110020
300 ## - PHYSICAL DESCRIPTION
Extent 392p.
Dimensions 27cm (Hb)
Other physical details ill.picture
500 ## - GENERAL NOTE
General note It includes glossary and index
942 ## - ADDED ENTRY ELEMENTS (KOHA)
Source of classification or shelving scheme Dewey Decimal Classification
Item type English Books
Call number suffix DAL
Classification part 759.95442
Holdings
Withdrawn status Lost status Not for loan Collection code Home library Current library Date acquired Source of acquisition Cost, normal purchase price Full call number Barcode Copy number Cost, replacement price Koha item type
    Not For Loan Non-fiction D.B.Act.Division Bawana 03/08/2018 DBAD/PUB 4000.00 759.95442 DAL EN-107197 1 4000.00 English Books

© Delhi Public Library
Hit Counter
free hit counter